|
|
|
|
| LEADER |
00000naa2a2200000 4500 |
| 001 |
593609 |
| 005 |
20231101131752.0 |
| 035 |
|
|
|a (RuTPU)RU\TPU\tpu\7165
|
| 090 |
|
|
|a 593609
|
| 100 |
|
|
|a 20011210d1964 k y0rusy50 ca
|
| 101 |
0 |
|
|a rus
|
| 102 |
|
|
|a RU
|
| 200 |
1 |
|
|a Местные высококачественные стекольные пески
|f П. Г. Усов, А. В. Петров
|
| 461 |
|
1 |
|0 (RuTPU)RU\TPU\book\211718
|t Труды Томского государственного университета
|f Томский государственный университет (ТГУ) ; отв. ред. В. Т. Макаров
|d 1932-
|
| 463 |
|
1 |
|0 (RuTPU)RU\TPU\book\268344
|t Т. 170 : Вопросы химии
|o [сборник статей]
|f Томский государственный университет (ТГУ) ; под ред. Л. Г. Майдановской
|v С. 71-72
|d 1964
|p 192 с.
|s Серия химическая ; Вып. 2
|
| 610 |
1 |
|
|a химическая промышленность
|
| 610 |
1 |
|
|a кварцевые пески
|
| 610 |
1 |
|
|a Туганское месторождение
|
| 610 |
1 |
|
|a стеклообразование
|
| 610 |
1 |
|
|a труды учёных ТПУ
|
| 700 |
|
1 |
|a Усов
|b П. Г.
|c химик
|c профессор Томского политехнического института, доктор технических наук
|f 1905-1977
|g Петр Григорьевич
|2 stltpush
|3 (RuTPU)RU\TPU\pers\7821
|
| 701 |
|
1 |
|a Петров
|b А. В.
|
| 801 |
|
0 |
|a RU
|b 63413507
|c 20011210
|g PSBO
|
| 801 |
|
2 |
|a RU
|b 63413507
|c 20221213
|g PSBO
|
| 942 |
|
|
|c BK
|